Detekcia dopravných značiek pre inteligentné vozidlá

Salvato in:
Dettagli Bibliografici
Autore principale: Milo, Peter (Autore)
Altri autori: Duchoň, František (Relatore della tesi)
Natura: Manoscritto Libro
Lingua:slovacco
Pubblicazione: 2016
Soggetti:
Accesso online:http://is.stuba.sk/zp/portal_zp.pl?podrobnosti=130975
Tags: Aggiungi Tag
Nessun Tag, puoi essere il primo ad aggiungerne!!

MARC

LEADER 00000ntm a22000003a 4500
001 stuzp57945
003 SK-STU
005 20160803134155.5
007 ta
008 150427s2015----xo-----f-mn---000-0-slo-d
040 |a STU  |b slo 
041 0 |a slo 
044 |a xo 
100 1 |a Milo, Peter  |u 031000  |k Z4  |4 aut  |U FEI Fakulta elektrotechniky a informatiky  |T FEI Ústav robotiky a kybernetiky  |X 8972  |U E011  |Y 356  |7 A000008972 
242 0 1 |a Detection of traffic sign for intelligent vehicles  |y eng 
245 1 0 |a Detekcia dopravných značiek pre inteligentné vozidlá 
260 |c 2016 
300 |a 58 s., príl.,  |b DVD 
650 4 |a farebná segmentácia  |2 slo 
650 4 |a MATLAB  |2 slo 
650 4 |a SURF  |2 slo 
650 4 |a rozpoznávanie dopravného značenia  |2 slo 
650 4 |a MATLAB  |2 eng 
650 4 |a recognition of traffic sign  |2 eng 
650 4 |a color segmentation  |2 eng 
650 4 |a SURF  |2 eng 
700 1 |a Duchoň, František  |u 031000  |k Z1  |4 ths  |U FEI Fakulta elektrotechniky a informatiky  |T FEI Ústav robotiky a kybernetiky  |X 10329  |U E011  |Y 356  |7 A000010329 
856 4 |u http://is.stuba.sk/zp/portal_zp.pl?podrobnosti=130975 
996 |b 284EP11416  |c E*DIPL- 11416  |l EE31  |s P  |a 0  |w stuzp57945_0001 
SQL |a stuzp57945  |b DDP  |c SLO  |d Detekcia dopravných značiek pre inteligentné vozidlá  |e 8972  |f Milo, Peter  |g 031000  |h 10329  |i Duchoň, František  |j 20160614  |k 1174  |l 03  |m http://is.stuba.sk/zp/portal_zp.pl?podrobnosti=130975  |n I-RK  |o 9.2.7. kybernetika